Young Multi - TOXIC - Statystyki

Ogólne statystyki
  • Ten quiz został rozwiązany 9 razy
  • Średni wynik to 13 z 18
Statystyki odpowiedzi
TOXIC % Poprawnych
SÓL
100%
TOXIC LUV
88%
BARDZO BOLI
75%
BEZ SERCA
75%
BLIK
75%
FANTA
75%
NIGDY NIE ŚPIĘ
75%
S3N!
75%
TRILL
75%
ZIOMECZKI ZIOMY
75%
48100
63%
BALLADA O SAMOTNOŚCI
63%
BEKSA
63%
MAM JUŻ DOŚĆ
63%
OSCAR
63%
PRZEKRĘT
63%
TOAST
63%
WOLNOŚĆ
63%
Nie znaleziono quizów pasujących do podanych kryteriów
Rozkład punktacji
Procent ludzi z każdym wynikiem
Percentyl według liczby udzielonych odpowiedzi
Twoja historia wyników
Nie rozwiązałeś tego quizu